| 000 | 00712nam a22002537a 4500 | ||
|---|---|---|---|
| 001 | 25009 | ||
| 003 | UA-OsUOA | ||
| 005 | 20230919155107.0 | ||
| 007 | ta | ||
| 008 | 20040309b un ||||| |||| 00| 0 ukr d | ||
| 020 | _a966-7334-79-1 | ||
| 040 |
_aUA-OsUOA _brus _cUA-OsUOA _dUA-OsUOA |
||
| 041 | _arus | ||
| 044 | _aRU | ||
| 080 | _a[347+347.6](477) | ||
| 090 |
_a[347+347.6](477) _bГ57 |
||
| 245 |
_aГражданское и семейное право _bучебно-практический справочник _cред. Е. О. Харитонов |
||
| 250 | _aизд 2-е | ||
| 260 |
_aОдесса _bОдиссей _c2000 |
||
| 300 | _a544 с. | ||
| 650 | 7 | _2UDC | |
| 942 |
_cBK _2udc |
||
| 955 | _a0 | ||
| 999 |
_c311298 _d311298 |
||